000 00243nam a22000977a 4500
008 230606b xxu||||| |||| 00| 0 eng d
082 _a342.629
_bCON
245 _aThe Interim Constitution Of Southern Sudan, 2005
300 _a92 P
942 _2ddc
_cBK
999 _c661
_d661